| 000 | 00921nac a22003017a 4500 | ||
|---|---|---|---|
| 001 | BR8002524 | ||
| 003 | BR-BrBNA | ||
| 005 | 20240105114656.0 | ||
| 008 | 230509b bl.|||m| |||| 00| 0 por d | ||
| 040 |
_aBR-BrBNA _bpor _cBiblioteca Nacional de Agricultura |
||
| 072 | _aH10 | ||
| 090 | _a1910 BR8002524 | ||
| 100 | 1 | _aCorreia, J.S. | |
| 100 | 1 | _aSantos, Z.F.D.F. | |
| 100 | 1 | _aDunham, O. | |
| 100 | 1 | _aCosta, I.M. | |
| 110 | 1 |
_aEmpresa de Pesquisa Agropecuaria da Bahia, Salvador (Brasil) _94095 |
|
| 245 | 1 | _aAs cigarrinhas das pastagens no estado da Bahia [Brasil] | |
| 260 | 3 |
_aSalvador, BA (Brasil): _c1980. |
|
| 300 | _a12 p. | ||
| 490 |
_aSerie Extensao - Empresa de Pesquisa Agropecuaria da Bahia (Brazil) _vno. 1 _x |
||
| 650 | _aPraga de planta | ||
| 650 | _aPastagem | ||
| 650 | _aCigarrinha | ||
| 650 | _aBahia | ||
| 909 |
_a202312 _bLúcia Elande _c55 _dLúcia Elande |
||
| 942 |
_2AGRIS _n0 _cMS |
||
| 999 |
_c270681 _d270681 |
||